000 00417nam a22001697a 4500
003 CEME
005 20210628203556.0
008 210201b xxu||||| |||| 00| 0 eng d
040 _c.
082 _a580 MUN
100 _aHakeem Munir Ahmed Qureshi
_966339
245 _aKitab al nabatat
260 _aLAHORE
_bADARA FARUGH-E-URDU
_c2000
300 _a350P
650 _aBOTANICAL SCIENCE
_966340
942 _cBK
_2ddc
999 _c574319
_d574319